Daya-Bhaga & Mitaksara (Record no. 19969)

MARC details
000 -LEADER
fixed length control field 00291nam a22001337a 4500
020 ## - INTERNATIONAL STANDARD BOOK NUMBER
ISBN 8171100333
082 ## - DEWEY DECIMAL CLASSIFICATION NUMBER
Classification number 340.58 JOS
100 ## - MAIN ENTRY--AUTHOR NAME
Author name Joshi, K.L.
245 ## - TITLE STATEMENT
Title Daya-Bhaga & Mitaksara
260 ## - PUBLICATION, DISTRIBUTION, ETC. (IMPRINT)
Place of publication Delhi
Name of publisher Parimal Publications
Year of publication 2005
300 ## - PHYSICAL DESCRIPTION
Number of Pages 462
650 ## - SUBJECT ADDED ENTRY--TOPICAL TERM
Topical Term Hindu Law
942 ## - ADDED ENTRY ELEMENTS (KOHA)
Koha item type Books
Holdings
Home library Current library Date acquired Source of acquisition Cost, normal purchase price Full call number Accession Number Koha item type
Henry Martyn Institute Library Henry Martyn Institute Library 03/10/2016 kohinoor Book pub. 600.00 340.58 JOS 25048 Books
                   Copyright © 2026 | Henry Martyn Institute | Hyderabad | TS-500052 | INDIA | Implemented by hmi.edu.in
Hit-Count:

Powered by Koha